01158cam a2200337 a 45000010008000000030004000080050017000120080041000290100017000700200037000870200018001240350012001420400018001540500022001720820020001941000025002142450068002392600045003073000027003523360026003793370028004053380027004334900040004605000073005005000020005735040032005936000054006256000054006796000031007338300056007642369181OSt20260218144335.0840827s1984 ncu b 001 0 eng  a 84020111  a0939464187 (lib. bdg.) :c$35.00 a9780939464180 a2369181 aDLCcDLCdDLC00aBT198b.B826 198500a232/.09/0332191 aBrown, Colin,d1932-10aJesus in European Protestant thought, 1778-1860 /cColin Brown. aDurham, N.C. :bLabyrinth Press,cc1985. axxiv, 359 p. ;c24 cm. atextbtxt2rdacontent aunmediatedbn2rdamedia avolumebnc2rdacarrier1 aStudies in historical theology ;v1 aRevision of thesis (doctoral)--University of Bristol, England, 1969. aIncludes index. aBibliography: p. [277]-351.00aJesus ChristxHistory of doctrinesy18th century.00aJesus ChristxHistory of doctrinesy19th century.00aJesus ChristxHistoricity. 0aStudies in historical theology (Durham, N.C.) ;v1.